00819cam a2200265 a 4500001000700000003000400007005001700011008004100028010001700069020001500086025002500101037006000126040001900186042001000205043001200215050002400227082002400251100002300275245006600298250001200364260004200376300002400418504005600442520005500498255224OSt20200605150128.0990520s1999 ii b 000 0 eng  a 99933622  a8186803432 aI-E-99-933622; 63-91 bLibrary of Congress -- New Delhi Field OfficecRs600.00 aDLCcoclcdDLC alcode aa-ii---00aDS480.84b.G39 199900a320.95409045bGEH/I aGehlot, N Sd1947-10aIndia at fifty :bfacing stresses and strains /cN.S. Gehlot. a1st ed. aJaipur :bNational Pub. House,c1999. ax, 330 p. ;c22 cm. aIncludes bibliographical references (p. [328]-330). aChiefly on the post-1947 political scene in India.